Proyecto de Código de minería, presentado al Congreso Nacional por el Prseidente de la República: mensaje i notas

שמור ב:
מידע ביבליוגרפי
פורמט: ספר
שפה:ספרדית
יצא לאור: Santiago Imprenta Nacional 1900
נושאים:
תגים: הוספת תג
אין תגיות, היה/י הראשונ/ה לתייג את הרשומה!

MARC

LEADER 00000cam a2200000 a 4500
001 UCF8836
003 CL-VaPUC
008 131011e19000000cl |||||||||||||||||spa|d
082 0 4 |a 343.077  |b PRO  |2 21 
245 1 0 |a Proyecto de Código de minería, presentado al Congreso Nacional por el Prseidente de la República: mensaje i notas 
300 |a 142 p 
942 |c BK 
945 |d 20131011 10:45:00  |a cmena 
260 |a Santiago  |b Imprenta Nacional  |c 1900 
650 0 |a Código de minería   |9 256729 
650 0 |a Derecho minero  |9 257109 
650 0 |a Jurisprudencia  |9 255952 
650 0 |a Ordenamiento jurídico   |9 355371 
650 7 |a PROYECTOS DE LEY  |2 CL-VaPUC  |9 388710 
583 |a last modification  |c 20131014 11:17:45  |k Rodrigo Vera 
999 |c 353367  |d 353365 
952 |0 0  |1 0  |2 ddc  |3 erd  |4 0  |5 1  |6 343_077000000000000_PRO_1900  |7 1  |8 C_LRYV  |9 458519  |a FDOBRV  |b BIBDER  |d 2019-11-23  |i 5020131  |o 343.077 PRO 1900  |p 5020131  |r 2023-01-25  |w 2019-11-23  |y BK_X  |z Catalogado en:20131011  |k BRV 
952 |0 0  |1 0  |2 ddc  |3 erd  |4 0  |5 1  |6 343_077000000000000_PRO_1900  |7 1  |8 C_LRYV  |9 458520  |a FDOBRV  |b BIBDER  |d 2019-11-23  |i 5020123  |o 343.077 PRO 1900  |p 5020123  |r 2023-01-25  |w 2019-11-23  |y BK_X  |z Catalogado en:20131011  |k BRV